| 000 | 01290nam a22002537a 4500 | ||
|---|---|---|---|
| 005 | 20081030115958.0 | ||
| 008 | 080625t xxu||||| |||| 00| 0 hin d | ||
| 010 | _aHIN-83635 | ||
| 020 |
_a8190157884 _c200.00 |
||
| 035 | _aHN-55981 | ||
| 037 | _bपु.प्र.अ.प्र./प्रका | ||
| 040 |
_aDPL _bHN |
||
| 082 | _a597.9 / परदे | ||
| 100 | _aपरदेशी, अनुपम | ||
| 245 |
_aसरीसृप और उभयचरों का रोचक संसार / _cअनुपम परदेशी |
||
| 246 |
_aSarisrip aur ubhayacharon ka rochak sansar _bby Anupam Pardeshi |
||
| 260 |
_aदिल्ली _bग्रामोदय प्रकाशन _c2007 |
||
| 270 |
_a511/2, पांडव रोड, विश्वास नगर _bदिल्ली _e110032 |
||
| 300 |
_a136पृ _c22सेमी(सजिल्द) _bसचित्र |
||
| 490 | _aलोकप्रिय विज्ञान माला | ||
| 650 | _aZoology | ||
| 942 |
_cHN _2ddc _h597.9 _mपरदे |
||
| 999 |
_c14002 _d14002 |
||